| 000 | 00481nam a2200181 a 4500 | ||
|---|---|---|---|
| 005 | 20140412111242.0 | ||
| 008 | 010904s19uu xx 00 eng d | ||
| 020 | _a1-85758-851-7 | ||
| 050 |
_aTR(GS 372.632 _bD228 1998 |
||
| 100 | _aDaniels, Ursula | ||
| 245 |
_aSpelling practice, ages 7-8 / _cUrsula Daniels. |
||
| 260 |
_aLondon : _bLetts Educational, _c1998. |
||
| 300 | _a32 p. | ||
| 440 | _aLetts | ||
| 650 | _aSpelling | ||
| 650 | _aEnglish language | ||
| 999 |
_c102773 _d102773 |
||